<?xml version="1.0" encoding="UTF-8"?>
<record
    xmlns:xsi="http://www.w3.org/2001/XMLSchema-instance"
    xsi:schemaLocation="http://www.loc.gov/MARC21/slim http://www.loc.gov/standards/marcxml/schema/MARC21slim.xsd"
    xmlns="http://www.loc.gov/MARC21/slim">

  <leader>03597nga a22005657a 4500</leader>
  <controlfield tag="006">a|||||s|||||00| 0 </controlfield>
  <controlfield tag="007">tz</controlfield>
  <controlfield tag="008">110612s20031954cau|||||s|||| 00| 0 eng d</controlfield>
  <datafield tag="020" ind1=" " ind2=" ">
    <subfield code="a">0788838083</subfield>
  </datafield>
  <datafield tag="020" ind1=" " ind2=" ">
    <subfield code="a">9780788838088  </subfield>
  </datafield>
  <datafield tag="082" ind1=" " ind2=" ">
    <subfield code="2">22</subfield>
    <subfield code="a">791.4372</subfield>
    <subfield code="b">LEA</subfield>
  </datafield>
  <datafield tag="245" ind1="0" ind2="0">
    <subfield code="a">20,000 Leagues under the Sea</subfield>
    <subfield code="h">[videorecording] /</subfield>
    <subfield code="c">Produced by, Walt Disney ;  screenplay by  Earl Felton ; directed by  Richard Fleischer.</subfield>
  </datafield>
  <datafield tag="246" ind1=" " ind2=" ">
    <subfield code="a">Twenty thousand leagues under the sea</subfield>
  </datafield>
  <datafield tag="250" ind1=" " ind2=" ">
    <subfield code="a">Special ed.</subfield>
  </datafield>
  <datafield tag="260" ind1=" " ind2=" ">
    <subfield code="a">[United States] :</subfield>
    <subfield code="b">Walt Disney Home Entertainment ;</subfield>
    <subfield code="a">Burbank, CA :</subfield>
    <subfield code="b">Buena Vista Home Entertainment, [2003]</subfield>
    <subfield code="c">[2003]</subfield>
  </datafield>
  <datafield tag="300" ind1=" " ind2=" ">
    <subfield code="a">2 videodiscs (127 min.) : </subfield>
    <subfield code="b">sd., col. ; </subfield>
    <subfield code="c">4 3/4 in.</subfield>
  </datafield>
  <datafield tag="500" ind1=" " ind2=" ">
    <subfield code="a">Title on container: Walt Disney presents 20,000 leagues under the sea</subfield>
  </datafield>
  <datafield tag="500" ind1=" " ind2=" ">
    <subfield code="a">Originally released as a motion picture in 1954</subfield>
  </datafield>
  <datafield tag="500" ind1=" " ind2=" ">
    <subfield code="a">Based on the novel "Vingt Mille lieues sous les mers" by Jules Verne   </subfield>
  </datafield>
  <datafield tag="500" ind1=" " ind2=" ">
    <subfield code="a">Special features: all-new audio commentaries with director Richard Fleischer and classic film historian and author, Rudy Behlmer; original 1954 theatrical radio spots; Peter Lorre's ADR tracks - a glimpse into the process of dialogue replacement before final edit; Captain Nemo's organ music; "The making of 20,000 leagues under the sea" featurette; "Jules Verne &amp; Walt Disney - explorers of the imagination" behind-the-scenes featurette; "The Humboltsquid: real sea monster!"; "Touring the Nautilius"; "Monsters of the deep"; "Nemo's death" script excerpt; "The musical legacy of Paul Smith"; "Lost treasure: the sunset squid sequence"; "Grand Canyonscope"; theatrical trailer; storyboard-to-scene comparison &amp; unused animation</subfield>
  </datafield>
  <datafield tag="508" ind1=" " ind2=" ">
    <subfield code="a">Director of photography, Franz Planer ; art director, John Meehan ; editor, Elmo Williams ; costume designer, Norman Martien. </subfield>
  </datafield>
  <datafield tag="511" ind1=" " ind2=" ">
    <subfield code="a">Kirk Douglas, James Mason, Paul Lukas, Peter Lorre, Robert J. Wilke, Ted de Corsia, J.M. Kerrigan.</subfield>
  </datafield>
  <datafield tag="520" ind1=" " ind2=" ">
    <subfield code="a"> A trouble-shooting 19th century seaman is trying to discover why so many whaling ships have been disappearing of late. Teaming with a scientist and a diver, they set sail to investigate. They are promptly captured by the megalomaniac Captain Nemo, who skippers a lavish, scientifically advanced submarine   </subfield>
  </datafield>
  <datafield tag="538" ind1=" " ind2=" ">
    <subfield code="a">DVD, Dolby digital 5.1 surround sound, THX certified, Region 1 encoding, NTSC.</subfield>
  </datafield>
  <datafield tag="546" ind1=" " ind2=" ">
    <subfield code="a">Closed-captioned</subfield>
  </datafield>
  <datafield tag="586" ind1=" " ind2=" ">
    <subfield code="a">Academy Award for Best Art Direction-Set Decoration, Color, Best Effects, Special Effects, 1954</subfield>
  </datafield>
  <datafield tag="650" ind1=" " ind2=" ">
    <subfield code="9">25004</subfield>
    <subfield code="a">Sailors  </subfield>
    <subfield code="v">Drama</subfield>
  </datafield>
  <datafield tag="650" ind1=" " ind2=" ">
    <subfield code="9">25005</subfield>
    <subfield code="a">Whaling ships</subfield>
    <subfield code="v">Drama</subfield>
  </datafield>
  <datafield tag="653" ind1=" " ind2=" ">
    <subfield code="c">June2011</subfield>
  </datafield>
  <datafield tag="655" ind1=" " ind2=" ">
    <subfield code="a">Adventure films</subfield>
  </datafield>
  <datafield tag="700" ind1=" " ind2=" ">
    <subfield code="9">25006</subfield>
    <subfield code="a">Disney, Walt</subfield>
    <subfield code="d">1901-1966   </subfield>
  </datafield>
  <datafield tag="700" ind1=" " ind2=" ">
    <subfield code="9">25007</subfield>
    <subfield code="a">Felton, Earl   </subfield>
    <subfield code="e">aus</subfield>
  </datafield>
  <datafield tag="700" ind1=" " ind2=" ">
    <subfield code="9">25008</subfield>
    <subfield code="a">Fleischer, Richard   </subfield>
    <subfield code="e">drt</subfield>
  </datafield>
  <datafield tag="700" ind1=" " ind2=" ">
    <subfield code="9">24995</subfield>
    <subfield code="a">Douglas, Kirk</subfield>
    <subfield code="d">1916-</subfield>
    <subfield code="e">act</subfield>
  </datafield>
  <datafield tag="700" ind1=" " ind2=" ">
    <subfield code="9">25009</subfield>
    <subfield code="a">Mason, James</subfield>
    <subfield code="d">1909-   </subfield>
    <subfield code="e">act</subfield>
  </datafield>
  <datafield tag="700" ind1=" " ind2=" ">
    <subfield code="9">25010</subfield>
    <subfield code="a">Lukas, Paul</subfield>
    <subfield code="d">1894-1971</subfield>
    <subfield code="e">act</subfield>
  </datafield>
  <datafield tag="700" ind1=" " ind2=" ">
    <subfield code="9">25011</subfield>
    <subfield code="a">Lorre, Peter</subfield>
    <subfield code="e">act</subfield>
  </datafield>
  <datafield tag="700" ind1=" " ind2=" ">
    <subfield code="9">25027</subfield>
    <subfield code="a">Wilke, Robert J.</subfield>
    <subfield code="d">1914-1989</subfield>
    <subfield code="e">act</subfield>
  </datafield>
  <datafield tag="700" ind1=" " ind2=" ">
    <subfield code="9">25028</subfield>
    <subfield code="a">De Corsia, Ted</subfield>
    <subfield code="e">act</subfield>
  </datafield>
  <datafield tag="700" ind1=" " ind2=" ">
    <subfield code="9">25029</subfield>
    <subfield code="a">Kerrigan, J. M.</subfield>
    <subfield code="d">1884-1964</subfield>
    <subfield code="e">act</subfield>
    <subfield code="q">Joseph M. </subfield>
  </datafield>
  <datafield tag="700" ind1=" " ind2=" ">
    <subfield code="9">25030</subfield>
    <subfield code="a">Meehan, John</subfield>
    <subfield code="d">1902-1963</subfield>
    <subfield code="e">ard</subfield>
  </datafield>
  <datafield tag="700" ind1=" " ind2=" ">
    <subfield code="9">25030</subfield>
    <subfield code="a">Meehan, John</subfield>
    <subfield code="d">1902-1963</subfield>
    <subfield code="e">aut</subfield>
  </datafield>
  <datafield tag="700" ind1=" " ind2=" ">
    <subfield code="9">25031</subfield>
    <subfield code="a">Planer, Franz E.</subfield>
    <subfield code="d">1894-1963</subfield>
    <subfield code="e">cng</subfield>
  </datafield>
  <datafield tag="700" ind1=" " ind2=" ">
    <subfield code="9">25032</subfield>
    <subfield code="a">Williams, Elmo</subfield>
    <subfield code="d">1913- </subfield>
    <subfield code="e">edt</subfield>
  </datafield>
  <datafield tag="700" ind1=" " ind2=" ">
    <subfield code="9">25033</subfield>
    <subfield code="a">Martien, Norman</subfield>
    <subfield code="e">cst</subfield>
  </datafield>
  <datafield tag="710" ind1=" " ind2=" ">
    <subfield code="9">25012</subfield>
    <subfield code="a">Walt Disney Pictures</subfield>
    <subfield code="e">pro</subfield>
  </datafield>
  <datafield tag="710" ind1=" " ind2=" ">
    <subfield code="9">25013</subfield>
    <subfield code="a">Walt Disney Home Entertainment (Firm)</subfield>
    <subfield code="e">dst</subfield>
  </datafield>
  <datafield tag="710" ind1=" " ind2=" ">
    <subfield code="9">25034</subfield>
    <subfield code="a">Buena Vista Home Entertainment (Firm)</subfield>
    <subfield code="e">dst</subfield>
  </datafield>
  <datafield tag="942" ind1=" " ind2=" ">
    <subfield code="2">ddc</subfield>
    <subfield code="c">CDVDMOV</subfield>
  </datafield>
  <datafield tag="999" ind1=" " ind2=" ">
    <subfield code="c">15583</subfield>
    <subfield code="d">15583</subfield>
  </datafield>
  <datafield tag="952" ind1=" " ind2=" ">
    <subfield code="0">0</subfield>
    <subfield code="1">0</subfield>
    <subfield code="2">ddc</subfield>
    <subfield code="4">0</subfield>
    <subfield code="7">0</subfield>
    <subfield code="8">Baccah</subfield>
    <subfield code="a">MAIN</subfield>
    <subfield code="b">MAIN</subfield>
    <subfield code="c">2ND</subfield>
    <subfield code="d">2011-06-12</subfield>
    <subfield code="e">Purchase</subfield>
    <subfield code="g">159.00</subfield>
    <subfield code="h">12344</subfield>
    <subfield code="l">0</subfield>
    <subfield code="o">791.4372 LEA</subfield>
    <subfield code="p">000024083</subfield>
    <subfield code="r">2022-08-24 00:00:00</subfield>
    <subfield code="w">2011-06-12</subfield>
    <subfield code="y">CDVDMOV</subfield>
    <subfield code="z">2 DVDs</subfield>
  </datafield>
</record>
